000 01870 a2200325 4500
001 177
005 20260407155414.0
008 260407a2007 arg spa d
003 AR-UNSa-BCEJYS
040 _aAR-UNSa-BCEJYS
_bspa
_cAR-UNSa-BCEJYS
080 _a343.359
_xDelitos contra el fisco y otras autoridades administrativas (Derecho Penal Tributario, Delitos fiscales)
245 1 0 _aEstudios sobre el proceso penal tributario
_petapas, instancias y partes. Derecho procesal nacional y comparado
020 _a978-987-01-0689-0
264 1 _aBuenos Aires :
_bErrepar
_c2007
300 _a517 p.
_c22 cm
505 _a1. La denuncia del ilícito penal tributario y previsional 2. El fiscal en el proceso penal tributario durante la etapa de instrucción 3. Características particulares de la etapa de la instrucción en el proceso penal tributario 4. La defensa en el proceso penal tributario 5. Algunos aspectos de la intervención de la cámara nacional de apelaciones en lo penal económico en el proceso penal tributario 6. El Juicio común en el proceso penal 7. El recurso de casación en el proceso penal tributario 8. Auditoría y responsabilidad penal tributaria de las personas jurídicas y profesinales 9. La comparación de los riesgos penales relevantes en la reprimenda del delito tributario
942 _cBK
590 _aniveau_biblio:m niveau_hierar:0
100 1 _aGómez, Teresa
700 1 _aLlano, Hernán de
700 1 _aDíaz, Vicente O.
700 1 _aGrabivker, Marcos A.
700 1 _aLedesma, Angela Ester
700 1 _aLópez Biscayart, Javier
700 1 _aLozada, Alberto
700 1 _aPirolo, Federico
700 1 _aRobiglio, Carolina L.
700 1 _aSequeira, Marcos A.
856 4 1 _uhttps://biblioeco.unsa.edu.ar/pmb/images/libros/Estudio sobre el proceso penal tributario-l117460.jpg
_yImagen de portada
_qimage/jpeg
999 _c137
_d137